El Dieciocho Brumario de Luis Bonaparte
Պահպանված է:
| Հիմնական հեղինակ: | |
|---|---|
| Ձևաչափ: | Տեքստ |
| Հրապարակվել է: |
Barcelona:
Ariel
|
| Հրատարակություն: | 3 |
| Ցուցիչներ: |
Ավելացրեք ցուցիչ
Չկան պիտակներ, Եղեք առաջինը, ով նշում է այս գրառումը!
|
MARC
| LEADER | 00000 a a2200000 04500 | ||
|---|---|---|---|
| 001 | 23873 | ||
| 003 | |||
| 040 | |||
| 020 | |a 84-344-0654-3 | ||
| 090 | |a 164400 | ||
| 100 | |a Marx, Carlos | ||
| 245 | |a El Dieciocho Brumario de Luis Bonaparte | ||
| 250 | |a 3 | ||
| 260 | |a Barcelona: |b Ariel | ||
| 300 | |a 171 p. | ||
| 999 | |c 13550 |d 13550 | ||



